004150000a2200145000450024500470000004100140004770000230006170000250008470000220010970000290013170000190016070000200017910000270019977300430022610aInventario de la biodiversidad en Colombia0 aEspañol1 aLowy C., Petter D.1 aAguilar P., Mauricio1 aGarzón C., Aida1 aSánchez Cruz, Hernán1 aRuiz C., Pedro1 aCastaño, Olga1 aRangel Ch., J. Orlando1 tCespedesia3124h67q511-514d1996g21